01015nam a22002537a 4500008004000000020001800040020001500058050002900073100002000102245011000122250001200232260003800244300002300282440002300305504004100328600006300369650001500432650004400447650005500491700003100546942001300577999001700590952015400607120803t sp ||||| |||| 00| 0 spa d a9788496489714 a849648971X04aPS3537 .C7114b.Z52 20061 aSchulberg, Budd13aDe Cine : bMemorias de un príncipe de Hollywood /cBudd Schulberg ; traducción de J. Martín Lloret a1a ed.  aBarcelona : bAlcantilado, c2006 a732 p. ; c21 cm. 0aAcantilado ; v136 aIncluye : referencias bibliograficas14aSchulberg, BuddySiglo XXvAutores americanos xBiografia  4aGuionista  4aGuionistaszEstados Unidos xBiografia  4zHollywwood ( Los Angeles California)xBiografía 1 aLloret, J. Martín, qtr. 2lcccLIB c32266d32266 102lcc4070aLIC-046bLIC-046d2012-08-03eRec. PifihLLH0000001617oPS3537 .C7114 .Z52 2006pLLH0000001617r2015-01-16 00:00:00tC.1yLIBzGeneral